সৌন্দর্য শিল্পকলা ও নন্দনতত্ত্ব (৪-৫ খন্ড) / (Record no. 2559)

MARC details
000 -LEADER
fixed length control field 01149nam a2200265 a 4500
003 - CONTROL NUMBER IDENTIFIER
control field BD-DhJNU
005 - DATE AND TIME OF LATEST TRANSACTION
control field 20260126050012.0
008 - FIXED-LENGTH DATA ELEMENTS--GENERAL INFORMATION
fixed length control field 251108s2020 bg |||g |||| 000 1|ben|d
020 ## - INTERNATIONAL STANDARD BOOK NUMBER
International Standard Book Number 9789848799086
020 ## - INTERNATIONAL STANDARD BOOK NUMBER
International Standard Book Number 9789848799093
040 ## - CATALOGING SOURCE
Original cataloging agency BD-DhJNU
Language of cataloging ben
Transcribing agency BD-DhJNU
Modifying agency BD-DhJNU
041 ## - LANGUAGE CODE
Language code of text/sound track or separate title ben
082 ## - DEWEY DECIMAL CLASSIFICATION NUMBER
Classification number 701.12 SOU
Edition number 23
242 10 - TRANSLATION OF TITLE BY CATALOGING AGENCY
Title Beauty, Arts and Aesthetics (Vol: 4-5)/
Statement of responsibility, etc. M Matiur Rahman
245 10 - TITLE STATEMENT
Title সৌন্দর্য শিল্পকলা ও নন্দনতত্ত্ব (৪-৫ খন্ড) /
Statement of responsibility, etc. এম মতিউর রহমান (সম্পাদক)
246 ## - VARYING FORM OF TITLE
Title proper/short title Soundorjo shilpokola o nondonototto (4-5 khondo)
250 ## - EDITION STATEMENT
Edition statement 1st ed.
260 ## - PUBLICATION, DISTRIBUTION, ETC.
Place of publication, distribution, etc. ঢাকা :
Name of publisher, distributor, etc. অবসর,
Date of publication, distribution, etc. 2020.
300 ## - PHYSICAL DESCRIPTION
Extent ৩৮৪ পৃ. :
Other physical details চিত্র ;
Dimensions ২২ সেমি.।
504 ## - BIBLIOGRAPHY, ETC. NOTE
Bibliography, etc. note গ্রন্থপঞ্জিগত নির্দেশিকা ও নিঘন্ট অন্তভূক্ত
650 ## - SUBJECT ADDED ENTRY--TOPICAL TERM
Topical term or geographic name entry element শিল্পকলা
650 ## - SUBJECT ADDED ENTRY--TOPICAL TERM
Topical term or geographic name entry element নন্দনতত্ত্ব
700 a# - ADDED ENTRY--PERSONAL NAME
Personal name রহমান, এম মতিউর
Relator term [সম্পাদক]
942 ## - ADDED ENTRY ELEMENTS (KOHA)
Koha item type Books
Source of classification or shelving scheme Dewey Decimal Classification
Holdings
Withdrawn status Lost status Source of classification or shelving scheme Damaged status Not for loan Collection Home library Current library Shelving location Date acquired Source of acquisition Total checkouts Full call number Barcode Date last seen Copy number Price effective from Koha item type
    Dewey Decimal Classification     Non-fiction Jagannath University Central Library Jagannath University Central Library General stacks 01/26/2026 Purchased   701.12 SOU JNUCL34472 01/26/2026 1 01/26/2026 Books
    Dewey Decimal Classification     Non-fiction Jagannath University Central Library Jagannath University Central Library General stacks 01/26/2026 Purchased   701.12 SOU JNUCL34473 01/26/2026 2 01/26/2026 Books